[Event "36th Reykjavik op"]
[Site "Reykjavik ISL"]
[Date "2023.03.31"]
[Round "4.171"]
[White "Magnusson, Thorsteinn"]
[Black "Hasala, Richard"]
[WhiteElo "1485"]
[BlackElo "1750"]
[Result "0-1"]
[EventDate "2023.03.29"]
[PlyCount "54"]

1. d4 Nf6 2. Bf4 e6 3. e3 Be7 4. Bd3 O-O 5. Nf3 b6 6. Nbd2 Bb7 7. c3 d5 8. Qc2 h6
9. e4 dxe4 10. Nxe4 Nbd7 11. Nfd2 Nd5 12. Be3 c5 13. Ng3 Rc8 14. Bh7+ Kh8 15. Be4
N7f6 16. h4 Qc7 17. Rh3 Rfe8 18. Nf3 cxd4 19. Bxd4 b5 20. Qd2 Nf4 21. Bxb7 Nxg2+
22. Kf1 Qxb7 23. Ng5 Kg8 24. Nf3 Qxf3 25. Rh2 Nf4 26. Qe1 Ng4 27. Rh1 Qg2#  0-1

[Event "36th Reykjavik op"]
[Site "Reykjavik ISL"]
[Date "2023.03.31"]
[Round "4.173"]
[White "Girish, Niyathi"]
[Black "Spagnoli, Benjamin"]
[WhiteElo "1425"]
[BlackElo "1744"]
[Result "0-1"]
[EventDate "2023.03.29"]
[PlyCount "116"]

1. e4 d5 2. exd5 Nf6 3. Bb5+ Bd7 4. Be2 Nxd5 5. d4 Nc6 6. Nf3 e6 7. O-O Bd6 8. a3
a5 9. c4 Nf6 10. Nc3 O-O 11. h3 Re8 12. Be3 b6 13. Nb5 Bf8 14. Bf4 Rc8 15. Re1 Ne7
16. c5 Ned5 17. Bh2 bxc5 18. Ne5 cxd4 19. Qxd4 c5 20. Qd1 Qb6 21. Nxd7 Nxd7 22. Bc4
N7f6 23. Rc1 Red8 24. Qb3 h6 25. Be5 Be7 26. Nc3 Qxb3 27. Bxb3 Nxc3 28. Bxc3 Rb8
29. Bc2 Ra8 30. a4 Nd5 31. Be4 Bg5 32. Rc2 Ra7 33. Rd1 Rdd7 34. b3 Kf8 35. g3 Nxc3
36. Rxd7 Ne2+ 37. Rxe2 Rxd7 38. Rc2 Rd4 39. Rc4 Rd1+ 40. Kg2 Be7 41. Bc2 Rd2 42.
Kf3 f5 43. Ke3 Rd5 44. Rc3 Bf6 45. Rd3 Bd4+ 46. Kf3 e5 47. Rd1 e4+ 48. Ke2 Ke7 49.
g4 g6 50. Rg1 Kf6 51. Rg2 Bc3 52. f3 Ke5 53. gxf5 gxf5 54. fxe4 fxe4 55. h4 Kf4 56.
Kf1 e3 57. Bg6 Rd1+ 58. Ke2 Rd2+  0-1

[Event "36th Reykjavik op"]
[Site "Reykjavik ISL"]
[Date "2023.03.31"]
[Round "4.175"]
[White "Hagen, Andreas Skytte"]
[Black "Hald, Morten Hansen"]
[WhiteElo "1244"]
[BlackElo "1687"]
[Result "0-1"]
[EventDate "2023.03.29"]
[PlyCount "70"]

1. f4 e5 2. fxe5 d6 3. d4 dxe5 4. Nf3 exd4 5. Qxd4 Qxd4 6. Nxd4 Bc5 7. Nb5 Na6 8.
Bf4 Bb6 9. N1c3 Ne7 10. O-O-O Be6 11. g3 O-O 12. Bg2 Nc6 13. e4 Bg4 14. Rd2 Ba5 15.
h3 Be6 16. a3 Bxc3 17. Nxc3 f6 18. b4 Ne5 19. Bxe5 fxe5 20. Ne2 Rf2 21. Rh2 Raf8
22. Kb2 Bxh3 23. Rxh3 Rxg2 24. Kc3 Rf3+ 25. Kc4 Re3 26. Rd8+ Kf7 27. Nc3 Rxc2 28.
Rd3 Ree2 29. Kb3 Rb2+ 30. Kc4 Red2 31. g4 c6 32. b5 cxb5+ 33. Nxb5 Rxd3 34. Rxd3
Rc2+ 35. Kd5 Rc5+  0-1

[Event "36th Reykjavik op"]
[Site "Reykjavik ISL"]
[Date "2023.03.31"]
[Round "4.176"]
[White "B. Berglindardottir, Emilia Embla"]
[Black "Kaergaard, Sissel"]
[WhiteElo "1112"]
[BlackElo "1665"]
[Result "0-1"]
[EventDate "2023.03.29"]
[PlyCount "56"]

1. d4 d5 2. Bf4 Nf6 3. e3 e6 4. Nf3 Be7 5. Bd3 Nbd7 6. O-O O-O 7. c4 c6 8. Qc2 b6
9. Bg5 Bb7 10. Ne5 h6 11. Nxd7 Qxd7 12. Bxf6 Bxf6 13. cxd5 cxd5 14. Nc3 Rac8 15.
Qb1 a6 16. b3 Rxc3 17. Bc2 Rfc8 18. Rc1 Qc6 19. Bh7+ Kh8 20. Rxc3 Qxc3 21. Bd3 e5
22. dxe5 Bxe5 23. Bf5 Rc7 24. g3 Qxa1 25. Qxa1 Bxa1 26. h3 Rc1+ 27. Kh2 d4 28. exd4
Rh1#  0-1

[Event "36th Reykjavik op"]
[Site "Reykjavik ISL"]
[Date "2023.03.31"]
[Round "4.182"]
[White "Thorsteinsdottir, Hallgerdur"]
[Black "Hedman, Viktor Mattias Laroy"]
[WhiteElo "1978"]
[BlackElo "1257"]
[Result "1-0"]
[EventDate "2023.03.29"]
[PlyCount "131"]

1. e4 e5 2. Nf3 Nc6 3. Bc4 Bc5 4. d3 d6 5. c3 Nf6 6. Nbd2 a5 7. a4 O-O 8. O-O Bg4
9. Re1 h6 10. Nf1 Ne7 11. h3 Bh5 12. Ng3 Bg6 13. Nh4 Bh7 14. Qf3 Ng6 15. Nhf5 Ne7
16. Nxh6+ gxh6 17. Qxf6 Ng6 18. Qxd8 Rfxd8 19. Bxh6 Nh4 20. Bg5 Ng6 21. Bxd8 Rxd8
22. Nf5 Nf4 23. d4 exd4 24. cxd4 Bb4 25. Re3 d5 26. Bb3 dxe4 27. Rxe4 Nxh3+ 28. gxh3
Bxf5 29. Rf4 Bxh3 30. Rxf7 Kh8 31. Rf4 Kg7 32. Rh4 Bf5 33. f3 Be7 34. Rf4 Kg6 35.
d5 Bg5 36. Rc4 Be3+ 37. Kg2 Rxd5 38. Rg4+ Bxg4 39. Bxd5 Bc8 40. Re1 Bd4 41. b3 c6
42. Bc4 Bf5 43. Re7 b6 44. Rc7 c5 45. Rc6+ Kg5 46. Rxb6 Kh4 47. Kf1 Kg3 48. Ke2 Bc3
49. Be6 Bc2 50. Rb8 Kf4 51. Bc4 Kg3 52. Rf8 Kh4 53. Rg8 Be5 54. Rc8 Bd4 55. Rb8 Bc3
56. Bd3 Bxd3+ 57. Kxd3 Bb4 58. Rxb4+ cxb4 59. Kc4 Kg3 60. Kb5 Kxf3 61. Kxa5 Ke4 62.
Kxb4 Kd5 63. Kb5 Kd6 64. Kb6 Kd7 65. Kb7 Kd6 66. a5  1-0

[Event "36th Reykjavik op"]
[Site "Reykjavik ISL"]
[Date "2023.03.31"]
[Round "4.183"]
[White "Hordur, Gardarsson"]
[Black "Schrodt, Sebastian"]
[WhiteElo "1498"]
[BlackElo "1972"]
[Result "0-1"]
[EventDate "2023.03.29"]
[PlyCount "94"]

1. d4 Nf6 2. c4 e6 3. Nf3 c5 4. Nc3 b6 5. d5 exd5 6. cxd5 d6 7. e4 Nbd7 8. Bf4 g6
9. Bd3 a6 10. O-O Nh5 11. Be3 Bg7 12. Qd2 b5 13. Bh6 Ne5 14. Nxe5 Bxe5 15. Ne2 c4
16. Bb1 Qb6 17. Be3 Qc7 18. Bd4 Bg7 19. Bxg7 Nxg7 20. Nd4 O-O 21. a3 Bd7 22. Bc2
a5 23. Rae1 Qc5 24. Kh1 b4 25. axb4 axb4 26. Ne2 Ra2 27. Qc1 Rfa8 28. Bb1 Ra1 29.
f4 Bg4 30. f5 Bxe2 31. Rxe2 c3 32. fxg6 hxg6 33. Qf4 R8a7 34. e5 dxe5 35. Qf3 cxb2
36. Rxb2 Qc3 37. Qf2 b3 38. h3 Nf5 39. Rd1 R7a2 40. d6 Nxd6 41. Rxd6 Qc1+ 42. Kh2
Qxb2 43. Rd8+ Kg7 44. Qg3 Qxg2+ 45. Qxg2 Rxg2+ 46. Kxg2 Rxb1 47. Rb8 b2  0-1

[Event "36th Reykjavik op"]
[Site "Reykjavik ISL"]
[Date "2023.03.31"]
[Round "4.184"]
[White "Geirsson, Kristjan"]
[Black "Jonsson, Tristan Fannar"]
[WhiteElo "1700"]
[BlackElo "1164"]
[Result "1-0"]
[EventDate "2023.03.29"]
[PlyCount "97"]

1. e4 e5 2. Nf3 Nf6 3. d4 Nxe4 4. dxe5 Bc5 5. Qd5 Bxf2+ 6. Ke2 f5 7. exf6 Nxf6 8.
Qe5+ Kf8 9. Bg5 Bb6 10. Nc3 Qe7 11. Bxf6 gxf6 12. Qxe7+ Kxe7 13. Kd2 Re8 14. Bd3
h6 15. Nd5+ Kf8 16. Nxf6 Be3+ 17. Ke2 Bg5+ 18. Nxe8 Kxe8 19. Bg6+ Ke7 20. Nxg5 hxg5
21. Rhf1 d6 22. Rf7+ Ke6 23. Re1 Nc6 24. Rf2 Kd7 25. Kd2 b6 26. Bf5+ Kd8 27. Bxc8
Kxc8 28. Rf8+ Kb7 29. Rxa8 Kxa8 30. Re8+ Kb7 31. Rg8 g4 32. Rxg4 Ne5 33. Rg8 Nc4+
34. Kc3 d5 35. h4 Ne3 36. g4 d4+ 37. Kxd4 Nxc2+ 38. Ke4 c5 39. h5 c4 40. h6 Na3 41.
bxa3 c3 42. Kd3 c2 43. Kxc2 a5 44. h7 Ka6 45. h8=Q Kb5 46. Qd4 Kc6 47. a4 Kb7 48.
Qd7+ Ka6 49. Ra8#  1-0

[Event "36th Reykjavik op"]
[Site "Reykjavik ISL"]
[Date "2023.03.31"]
[Round "4.187"]
[White "Shirov-Michna, Masza"]
[Black "Stuart, Brian"]
[WhiteElo "1349"]
[BlackElo "1642"]
[Result "1/2-1/2"]
[EventDate "2023.03.29"]
[PlyCount "57"]

1. f4 d5 2. Nf3 Nf6 3. e3 g6 4. b3 Bg7 5. Bb2 O-O 6. Be2 c5 7. O-O Nc6 8. h3 a6 9.
d3 d4 10. e4 Nh5 11. Nh2 Ng3 12. Rf2 Nxe2+ 13. Qxe2 f5 14. Nd2 b5 15. Ba3 Qb6 16.
Nhf1 e6 17. exf5 exf5 18. Re1 Bd7 19. Qf3 Kh8 20. Qd5 b4 21. Qxd7 Rad8 22. Nc4 Qb5
23. Qc7 Rc8 24. Qd6 Rcd8 25. Qc7 Rc8 26. Qb6 Rb8 27. Qc7 Rbc8 28. Qb6 Rb8 29. Qc7
 1/2-1/2

[Event "36th Reykjavik op"]
[Site "Reykjavik ISL"]
[Date "2023.03.31"]
[Round "4.192"]
[White "Gudmundsson, Solvi"]
[Black "Jonsdottir, Katrin Maria"]
[WhiteElo "1283"]
[BlackElo "1071"]
[Result "1/2-1/2"]
[EventDate "2023.03.29"]
[PlyCount "53"]

1. d4 d5 2. Bf4 Nf6 3. e3 e6 4. Nf3 c5 5. c3 Nc6 6. Nbd2 Be7 7. Ne5 O-O 8. Ndf3 Nxe5
9. Nxe5 Nd7 10. Be2 cxd4 11. exd4 Nxe5 12. Bxe5 Bf6 13. O-O Bxe5 14. dxe5 Qg5 15.
Qd4 b6 16. a4 f6 17. f4 fxe5 18. fxe5 Bd7 19. Bb5 Bxb5 20. axb5 Rxf1+ 21. Rxf1 Rf8
22. Rxf8+ Kxf8 23. b4 Qc1+ 24. Kf2 Qc2+ 25. Kg3 Qg6+ 26. Qg4 Qxg4+ 27. Kxg4  1/2-1/2

[Event "36th Reykjavik op"]
[Site "Reykjavik ISL"]
[Date "2023.04.01"]
[Round "5.1"]
[White "Pranav, V"]
[Black "Gupta, Abhijeet"]
[WhiteElo "2545"]
[BlackElo "2620"]
[Result "0-1"]
[EventDate "2023.03.29"]
[PlyCount "86"]

1. e4 e5 2. Nf3 Nc6 3. Bb5 a6 4. Ba4 Nf6 5. O-O Be7 6. d3 b5 7. Bb3 d6 8. c3 O-O
9. Nbd2 Na5 10. Bc2 c5 11. Re1 Nc6 12. Nf1 h6 13. Ng3 Be6 14. h3 Re8 15. a4 b4 16.
Bb3 Bxb3 17. Qxb3 Rb8 18. Qc2 Bf8 19. Nf5 d5 20. Ne3 c4 21. exd5 cxd3 22. Qxd3 e4
23. Qxa6 Rb6 24. Qf1 exf3 25. dxc6 bxc3 26. bxc3 Rxc6 27. gxf3 Nd5 28. Rd1 Rg6+ 29.
Ng2 Qf6 30. f4 Nxf4 31. Bxf4 Qxf4 32. Rd4 Qf3 33. Rg4 Rxg4 34. hxg4 Qxg4 35. Qb5
Re6 36. Qb8 Rg6 37. Qa8 Kh7 38. Re1 Bd6 39. Kf1 Qh3 40. Re8 Qd3+ 41. Re2 f5 42. c4
f4 43. f3 Re6  0-1

[Event "36th Reykjavik op"]
[Site "Reykjavik ISL"]
[Date "2023.04.01"]
[Round "5.2"]
[White "Cornette, Matthieu"]
[Black "Ivanchuk, Vasyl"]
[WhiteElo "2563"]
[BlackElo "2664"]
[Result "1/2-1/2"]
[EventDate "2023.03.29"]
[PlyCount "35"]

1. e4 c5 2. Nf3 d6 3. Bb5+ Bd7 4. Bxd7+ Qxd7 5. O-O Nc6 6. c3 d5 7. exd5 Qxd5 8.
d4 e6 9. Be3 cxd4 10. Nxd4 Nxd4 11. cxd4 Nf6 12. Nc3 Qd7 13. d5 Nxd5 14. Nxd5 Qxd5
15. Qxd5 exd5 16. Rfd1 Be7 17. Rxd5 b6 18. a4  1/2-1/2

[Event "36th Reykjavik op"]
[Site "Reykjavik ISL"]
[Date "2023.04.01"]
[Round "5.3"]
[White "Yilmaz, Mustafa"]
[Black "Jacobson, Brandon"]
[WhiteElo "2629"]
[BlackElo "2543"]
[Result "1-0"]
[EventDate "2023.03.29"]
[PlyCount "111"]

1. d4 Nf6 2. c4 e6 3. Nf3 d5 4. Nc3 Nbd7 5. cxd5 exd5 6. Bg5 c6 7. Qc2 h6 8. Bh4
Be7 9. e3 O-O 10. Bd3 Re8 11. O-O Ne4 12. Bxe4 Bxh4 13. Bh7+ Kh8 14. Nxh4 Qxh4 15.
Bd3 Nf6 16. b4 Bd7 17. a4 Rac8 18. Rac1 Qg5 19. Ne2 h5 20. Kh1 h4 21. h3 a6 22. Ng1
Qh5 23. Qc5 Bf5 24. Be2 Qh6 25. Qb6 Re7 26. b5 axb5 27. axb5 Ne4 28. Nf3 Qf6 29.
Kg1 g5 30. bxc6 bxc6 31. Ne5 c5 32. Qxf6+ Nxf6 33. f4 cxd4 34. Rxc8+ Bxc8 35. exd4
Ne4 36. Bd3 Ng3 37. Rf3 g4 38. hxg4 Kg7 39. Kh2 Rc7 40. Kh3 f6 41. Ng6 Ne4 42. Nxh4
Nd2 43. Rg3 Nb3 44. Nf3 Rc3 45. Be2 Nc1 46. Ng1 Rc2 47. Re3 Kf8 48. Bb5 Kf7 49. Ne2
Na2 50. Kh4 Rb2 51. Be8+ Kg7 52. f5 Rd2 53. Bg6 Nb4 54. Re7+ Kf8 55. Re8+ Kg7 56.
Nf4  1-0

[Event "36th Reykjavik op"]
[Site "Reykjavik ISL"]
[Date "2023.04.01"]
[Round "5.4"]
[White "Can, Emre"]
[Black "Gretarsson, Hjoervar Steinn"]
[WhiteElo "2600"]
[BlackElo "2538"]
[Result "1-0"]
[EventDate "2023.03.29"]
[PlyCount "91"]

1. d4 Nf6 2. c4 e6 3. g3 d5 4. Bg2 Bb4+ 5. Nd2 O-O 6. Ngf3 b6 7. O-O a5 8. Qc2 Bb7
9. Ne5 c5 10. a3 Bxd2 11. Qxd2 Qc7 12. Qf4 cxd4 13. Qxd4 dxc4 14. Bxb7 Qxb7 15. Nxc4
b5 16. Nd6 Qc6 17. Bf4 Nd5 18. Rac1 Qd7 19. Rfd1 Rd8 20. Nf5 f6 21. Bc7 Rc8 22. Bxb8
Rxc1 23. Rxc1 Rxb8 24. Ne3 b4 25. Nxd5 exd5 26. e4 bxa3 27. bxa3 Rd8 28. Rd1 Qe7
29. Rd3 g6 30. exd5 Qd6 31. Re3 Rd7 32. Rd3 Kg7 33. h4 h5 34. Re3 Qb8 35. Kh2 Qd8
36. Rd3 Rd6 37. Qc5 Kf7 38. Rd2 Kg7 39. Kg2 Kf7 40. Qa7+ Rd7 41. Qd4 Rd6 42. a4 Qb6
43. Qf4 Qd8 44. Rb2 Rxd5 45. Rb7+ Rd7 46. Qd6  1-0

[Event "36th Reykjavik op"]
[Site "Reykjavik ISL"]
[Date "2023.04.01"]
[Round "5.5"]
[White "Shyaamnikhil, P."]
[Black "Lagarde, Maxime"]
[WhiteElo "2477"]
[BlackElo "2581"]
[Result "0-1"]
[EventDate "2023.03.29"]
[PlyCount "80"]

1. e4 e6 2. d4 d5 3. Nc3 Bb4 4. Nge2 Nf6 5. e5 Nfd7 6. a3 Be7 7. f4 c5 8. Be3 b6
9. Qd2 Nc6 10. g3 O-O 11. Bg2 Ba6 12. Kf2 f6 13. Nxd5 exd5 14. Bxd5+ Kh8 15. Bxc6
fxe5 16. dxe5 Nxe5 17. Qxd8 Raxd8 18. Be4 Ng4+ 19. Kf3 Nf6 20. Bf5 g6 21. Bh3 Bb7+
22. Kf2 Bxh1 23. Rxh1 Ne4+ 24. Kg2 Bf6 25. Bc1 Rfe8 26. Bg4 Nd2 27. Kf2 a5 28. a4
c4 29. h4 h5 30. Bf3 Nxf3 31. Kxf3 b5 32. axb5 a4 33. f5 gxf5 34. Nf4 c3 35. bxc3
Bxc3 36. b6 Rd6 37. Ba3 Rxb6 38. Nd5 Rc6 39. Rb1 Bg7 40. c3 Re5  0-1

[Event "36th Reykjavik op"]
[Site "Reykjavik ISL"]
[Date "2023.04.01"]
[Round "5.6"]
[White "Ioannidis, Evgenios"]
[Black "Livaic, Leon"]
[WhiteElo "2473"]
[BlackElo "2569"]
[Result "1/2-1/2"]
[EventDate "2023.03.29"]
[PlyCount "135"]

1. d4 Nf6 2. c4 e6 3. Nc3 d5 4. Nf3 a6 5. cxd5 exd5 6. Bg5 Be6 7. Qb3 Nbd7 8. e3
Rb8 9. Qc2 Bd6 10. Bd3 h6 11. Bf4 Qe7 12. O-O O-O 13. Rac1 Rfc8 14. h3 c6 15. Na4
Ne8 16. Nc5 Nxc5 17. Bxd6 Qxd6 18. dxc5 Qe7 19. Nd4 Bd7 20. e4 Qf6 21. Qc3 Nc7 22.
Rfe1 Re8 23. Re3 dxe4 24. Bxe4 Nb5 25. Nxb5 axb5 26. Qxf6 gxf6 27. Rd1 Be6 28. a3
Rbd8 29. Rxd8 Rxd8 30. Rd3 Re8 31. f4 f5 32. Bf3 Kg7 33. Kf2 Kf6 34. Rd4 Ra8 35.
Kg3 Kg6 36. Kh4 Re8 37. a4 bxa4 38. Rxa4 Bd5 39. Bxd5 cxd5 40. Ra7 Rb8 41. Kg3 Kf6
42. Kf3 d4 43. Ra4 Rc8 44. Rxd4 Rxc5 45. Rd6+ Kg7 46. Rb6 Rc7 47. g4 fxg4+ 48. Kxg4
Rd7 49. b4 Rc7 50. b5 Rd7 51. h4 Rc7 52. Kf5 Rc5+ 53. Ke4 Rc4+ 54. Ke5 Rc5+ 55. Kd6
Rf5 56. Rxb7 Rxf4 57. Rd7 Rxh4 58. b6 Rb4 59. Kc6 h5 60. Rd5 h4 61. b7 h3 62. Rh5
Rb3 63. Rxh3 Rxh3 64. b8=Q Rh6+ 65. Kd7 Re6 66. Qg3 Rg6 67. Qc3 Kg8 68. Qb2  1/2-1/2

[Event "36th Reykjavik op"]
[Site "Reykjavik ISL"]
[Date "2023.04.01"]
[Round "5.7"]
[White "Ladopoulos, Dimitrios"]
[Black "Grandelius, Nils"]
[WhiteElo "2391"]
[BlackElo "2658"]
[Result "0-1"]
[EventDate "2023.03.29"]
[PlyCount "68"]

1. d4 d5 2. Nf3 Nf6 3. c4 c6 4. e3 Bf5 5. Nc3 e6 6. Bd3 Bg6 7. O-O Nbd7 8. Qe2 Bb4
9. Nd2 Bh5 10. Qe1 O-O 11. a3 Be7 12. f4 Bg6 13. Be2 h6 14. g4 c5 15. cxd5 Nxd5 16.
Nf3 Nxc3 17. bxc3 Rc8 18. a4 Nb6 19. Bd2 cxd4 20. cxd4 Be4 21. a5 Nc4 22. Rc1 Qd5
23. Ne5 Nxe5 24. fxe5 Bg2 25. e4 Bxe4 26. Qf2 Rxc1 27. Rxc1 Bh4 28. Qe3 Bg5 29. Qc3
Qa2 30. Rd1 Bc6 31. Bc4 Bxd2 32. Rxd2 Qb1+ 33. Kf2 Qe4 34. Kg3 Qe1+  0-1

[Event "36th Reykjavik op"]
[Site "Reykjavik ISL"]
[Date "2023.04.01"]
[Round "5.8"]
[White "Tari, Aryan"]
[Black "Sukandar, Irine Kharisma"]
[WhiteElo "2649"]
[BlackElo "2389"]
[Result "1-0"]
[EventDate "2023.03.29"]
[PlyCount "104"]

1. e4 e5 2. Nf3 Nc6 3. Bb5 a6 4. Ba4 Nf6 5. O-O Be7 6. d3 b5 7. Bb3 d6 8. c3 O-O
9. a4 Rb8 10. axb5 axb5 11. d4 exd4 12. cxd4 d5 13. e5 Ne4 14. Ne1 Nb4 15. f3 Ng5
16. Bxg5 Bxg5 17. Nc2 Nxc2 18. Bxc2 Be3+ 19. Kh1 Qh4 20. Qd3 Bxd4 21. f4 c5 22. Nc3
Rd8 23. b4 Rb6 24. Ra8 Rh6 25. h3 Bxc3 26. Qxc3 c4 27. Rd1 Qxf4 28. Rxd5 Rf8 29.
Kg1 Ra6 30. Rb8 Ra2 31. Rd2 g6 32. Rf2 Qc1+ 33. Kh2 Qb2 34. Qg3 Be6 35. Rxf8+ Kxf8
36. Qg5 Qxb4 37. Qd8+ Kg7 38. Rd2 Rxc2 39. Qf6+ Kh6 40. Rxc2 c3 41. Rf2 c2 42. Rxc2
Qe4 43. Rf2 Bd5 44. Qh8 b4 45. Qf8+ Kg5 46. Qg7 h5 47. e6 f5 48. e7 h4 49. Qb2 Bc6
50. Qd2+ Kf6 51. Re2 Kxe7 52. Qxb4+ Ke8  1-0

[Event "36th Reykjavik op"]
[Site "Reykjavik ISL"]
[Date "2023.04.01"]
[Round "5.9"]
[White "Kushko, Dmitriy"]
[Black "Fier, Alexandr"]
[WhiteElo "2379"]
[BlackElo "2606"]
[Result "1/2-1/2"]
[EventDate "2023.03.29"]
[PlyCount "140"]

1. f4 c5 2. Nf3 Nc6 3. g3 g6 4. Bg2 Bg7 5. O-O d6 6. d3 e5 7. fxe5 dxe5 8. Be3 Nd4
9. c3 Ne6 10. Nbd2 Ne7 11. Ne4 Nd5 12. Bf2 Qe7 13. Nfd2 Nb6 14. c4 O-O 15. a4 a5
16. Nb3 Nd7 17. Nc3 Qd6 18. Nb5 Qb6 19. Nd2 f5 20. Nb1 Nf6 21. N1c3 Qd8 22. Nd5 Rb8
23. Nxf6+ Rxf6 24. Bd5 b6 25. Na7 Bb7 26. Nc6 Bxc6 27. Bxc6 Nf4 28. Bf3 Nh3+ 29.
Kg2 Nxf2 30. Rxf2 Bh6 31. Bd5+ Kg7 32. Rf3 Qd7 33. Qc2 Bg5 34. Qc3 h5 35. e4 Re8
36. exf5 gxf5 37. Re1 Qd6 38. Rf2 h4 39. Rfe2 hxg3 40. Rxe5 Bd2 41. Rxe8 Bxc3 42.
R1e7+ Kh6 43. Rh8+ Kg5 44. Rg8+ Rg6 45. Re6 Qxd5+ 46. cxd5 Rxg8 47. bxc3 gxh2 48.
Kxh2 Kf4 49. d6 Kf3 50. d7 Rd8 51. Re7 Kf2 52. Rh7 Ke3 53. Kg3 f4 54. Kg4 Rg8+ 55.
Kf5 f3 56. Re7+ Kd2 57. Ke6 Kxc3 58. Re8 Rg6+ 59. Kd5 Rg5+ 60. Kc6 Rf5 61. Re1 Rf6+
62. Kc7 Rf7 63. Rf1 Kxd3 64. Rxf3+ Rxf3 65. d8=Q+ Kc2 66. Kxb6 c4 67. Qd5 Rb3+ 68.
Kxa5 c3 69. Ka6 Kb2 70. Qd4 Kb1  1/2-1/2

[Event "36th Reykjavik op"]
[Site "Reykjavik ISL"]
[Date "2023.04.01"]
[Round "5.10"]
[White "Papp, Gabor"]
[Black "Ajay Krishna, S"]
[WhiteElo "2544"]
[BlackElo "2382"]
[Result "1-0"]
[EventDate "2023.03.29"]
[PlyCount "145"]

1. Nf3 c5 2. c4 Nc6 3. d4 cxd4 4. Nxd4 Nf6 5. Nc3 e6 6. g3 Qb6 7. Ndb5 Bc5 8. Bg2
Bxf2+ 9. Kf1 Ng4 10. Qd6 Kd8 11. Qf4 f5 12. Qg5+ Ne7 13. Bf4 Be3 14. Na4 Bxf4 15.
Qxf4 Qa5 16. b4 g5 17. Qd4 e5 18. Qd6 Ne3+ 19. Kf2 Nxc4 20. bxa5 Nxd6 21. Nxd6 Kc7
22. Nf7 Re8 23. Nxe5 Nc6 24. Nxc6 bxc6 25. Nc5 Re5 26. Rac1 Rb8 27. Rc2 Rb5 28. Nb3
Rb4 29. Rhc1 Re8 30. Rc4 Rxc4 31. Rxc4 Ba6 32. Rc2 Re5 33. Nc5 Bb5 34. a4 Bxe2 35.
Nxd7 Kxd7 36. Rxe2 Rxa5 37. Rc2 c5 38. Rd2+ Ke6 39. Bc6 c4 40. Rd4 Rc5 41. Bb5 c3
42. Rc4 Kd5 43. Rxc5+ Kxc5 44. Bd3 Kb4 45. Bxf5 Kxa4 46. Bc2+ Ka3 47. Ke3 h5 48.
Kd3 Kb2 49. h3 g4 50. hxg4 hxg4 51. Bd1 a6 52. Bc2 a5 53. Bd1 Kc1 54. Ba4 Kb2 55.
Bc2 a4 56. Bxa4 Ka3 57. Bd1 Kb2 58. Ke3 c2 59. Bxc2 Kxc2 60. Kf4 Kd3 61. Kxg4 Ke4
62. Kh5 Kf5 63. g4+ Kf6 64. Kh6 Kf7 65. g5 Kg8 66. Kg6 Kh8 67. Kf7 Kh7 68. g6 Kh6
69. g7 Kh7 70. g8=R Kh6 71. Kf6 Kh7 72. Rf8 Kh6 73. Rh8  1-0

[Event "36th Reykjavik op"]
[Site "Reykjavik ISL"]
[Date "2023.04.01"]
[Round "5.11"]
[White "Visakh, N. R."]
[Black "Miller, Eduard"]
[WhiteElo "2538"]
[BlackElo "2354"]
[Result "1-0"]
[EventDate "2023.03.29"]
[PlyCount "105"]

1. d4 Nf6 2. c4 c5 3. d5 g6 4. Nc3 Bg7 5. e4 d6 6. Be2 O-O 7. Nf3 e6 8. Nd2 Na6 9.
O-O Nc7 10. Re1 e5 11. a3 Nfe8 12. b4 f5 13. Rb1 b6 14. bxc5 dxc5 15. a4 Nd6 16.
a5 Nce8 17. Na4 Bd7 18. axb6 Bxa4 19. Qxa4 axb6 20. Qb3 Rb8 21. exf5 gxf5 22. Nf3
Ne4 23. Bd3 N8d6 24. Qc2 Nxf2 25. Qxf2 e4 26. Bg5 Qd7 27. Qg3 Rbe8 28. Bf4 Nf7 29.
Rxb6 Kh8 30. Rbb1 exd3 31. Nd2 Bd4+ 32. Kh1 Rxe1+ 33. Rxe1 Re8 34. Rxe8+ Qxe8 35.
Qxd3 Nd6 36. Bxd6 Qe1+ 37. Qf1 Qxd2 38. Bf4 Qc2 39. h3 Qe4 40. Bg3 Be3 41. Qe2 f4
42. Be1 Kg8 43. Bf2 Qd4 44. Qg4+ Kf8 45. Bxe3 fxe3 46. Qxd4 cxd4 47. Kg1 d3 48. Kf1
Ke7 49. c5 h5 50. g3 Kd7 51. Ke1 Ke7 52. d6+ Ke6 53. g4  1-0

[Event "36th Reykjavik op"]
[Site "Reykjavik ISL"]
[Date "2023.04.01"]
[Round "5.12"]
[White "Lie, Kjetil"]
[Black "Song, Julien"]
[WhiteElo "2515"]
[BlackElo "2348"]
[Result "1-0"]
[EventDate "2023.03.29"]
[PlyCount "83"]

1. c4 c5 2. g3 g6 3. Bg2 Bg7 4. Nc3 Nc6 5. Nf3 d6 6. O-O Bg4 7. h3 Bxf3 8. Bxf3 e6
9. a3 Nge7 10. d3 O-O 11. Bd2 Rc8 12. Rb1 b6 13. b4 cxb4 14. axb4 d5 15. cxd5 exd5
16. Bg4 Ra8 17. h4 d4 18. Nb5 a6 19. Na3 b5 20. Qb3 Nd5 21. Bf3 Nce7 22. Rbc1 Ra7
23. h5 Re8 24. Kg2 Rd7 25. Rc5 Bf6 26. Rfc1 Kg7 27. h6+ Kg8 28. Nc2 Nb6 29. Ne1 Ned5
30. Bg4 Rd6 31. Nf3 Qe7 32. Ra1 Qb7 33. Re1 Na4 34. Rc2 Nac3 35. e4 Nb6 36. Nxd4
Nxe4 37. Nf3 Nc4 38. dxc4 Red8 39. Qe3 Re8 40. c5 Rdd8 41. c6 Qc7 42. Qf4  1-0

[Event "36th Reykjavik op"]
[Site "Reykjavik ISL"]
[Date "2023.04.01"]
[Round "5.13"]
[White "Vignesh, N. R."]
[Black "Griffith, Kyron"]
[WhiteElo "2513"]
[BlackElo "2342"]
[Result "1/2-1/2"]
[EventDate "2023.03.29"]
[PlyCount "133"]

1. e4 c5 2. Nf3 d6 3. Bb5+ Bd7 4. Bxd7+ Qxd7 5. c4 Nf6 6. Nc3 g6 7. d4 cxd4 8. Nxd4
Bg7 9. f3 O-O 10. Be3 Nc6 11. O-O Rfc8 12. b3 a6 13. Nxc6 Rxc6 14. Bd4 e6 15. a4
Rd8 16. a5 d5 17. cxd5 exd5 18. e5 Ne8 19. Qd3 Nc7 20. Rad1 Ne6 21. f4 Qc7 22. Bb6
Rxc3 23. Bxc7 Rxd3 24. Bxd8 Rxd1 25. Rxd1 Nxd8 26. Rxd5 Nc6 27. b4 Nxb4 28. Rd7 Nc6
29. Rxb7 Bf8 30. Kf1 Nxa5 31. Rb6 Nc4 32. Rxa6 Ne3+ 33. Kf2 Ng4+ 34. Kg3 h5 35. Ra8
Kg7 36. Ra7 Kg8 37. Ra1 Be7 38. Ra8+ Bf8 39. Kh3 Kg7 40. Rc8 Nf2+ 41. Kg3 Ng4 42.
Rc7 Kg8 43. Rc1 Be7 44. Rh1 g5 45. h3 Nh6 46. Kf3 Nf5 47. g4 hxg4+ 48. Kxg4 Ne3+
49. Kf3 gxf4 50. Kxf4 Ng2+ 51. Ke4 Nh4 52. Rg1+ Kh7 53. Rb1 Ng6 54. Kf5 Nh4+ 55.
Ke4 Ng6 56. Rb7 Kh6 57. Rd7 Kg5 58. Rd1 Kh6 59. Rf1 Kg7 60. Kd5 Bg5 61. e6 Nf4+ 62.
Rxf4 fxe6+ 63. Ke4 Bxf4 64. Kxf4 Kg6 65. h4 Kh5 66. Ke5 Kxh4 67. Kxe6  1/2-1/2

[Event "36th Reykjavik op"]
[Site "Reykjavik ISL"]
[Date "2023.04.01"]
[Round "5.14"]
[White "Heimisson, Hilmir Freyr"]
[Black "Korley, Kassa"]
[WhiteElo "2351"]
[BlackElo "2468"]
[Result "0-1"]
[EventDate "2023.03.29"]
[PlyCount "114"]

1. c4 e6 2. Nf3 d5 3. g3 c5 4. cxd5 exd5 5. d4 Nc6 6. Bg2 Nf6 7. O-O Be7 8. Nc3 O-O
9. dxc5 Bxc5 10. Bg5 d4 11. Bxf6 Qxf6 12. Nd5 Qd8 13. Ne1 Re8 14. Nd3 Bf8 15. Re1
Bf5 16. Qd2 Be4 17. Bxe4 Rxe4 18. N5b4 Nxb4 19. Nxb4 Qa5 20. a3 Rae8 21. Rad1 Qh5
22. Nd3 Rxe2 23. Rxe2 Rxe2 24. Qf4 Re8 25. Rc1 Qd5 26. Re1 Rxe1+ 27. Nxe1 h5 28.
h4 g6 29. Nd3 Kg7 30. Kf1 Bd6 31. Qd2 a5 32. Qc2 b5 33. Kg1 Qe4 34. Qb3 Qc6 35. Qd1
Qe4 36. Qb3 Qf5 37. Qd1 a4 38. Qd2 Qe4 39. Qd1 Kg8 40. Qd2 Kg7 41. Qd1 Kf6 42. Qd2
Ke6 43. Qc2 Ke7 44. Qd2 f6 45. Ne1 Kf7 46. Qd1 f5 47. Nf3 Be7 48. b3 d3 49. bxa4
bxa4 50. Kg2 Bxa3 51. Qa1 Bf8 52. Qa2+ Kg7 53. Qb2+ Kh7 54. Qa2 Bg7 55. Qd2 Qd5 56.
Qd1 a3 57. Kh2 Qxf3  0-1